| 000 | 00616nam a2200217Ia 4500 | ||
|---|---|---|---|
| 003 | OSt | ||
| 005 | 20251025152812.0 | ||
| 008 | 210423s1987 xx 000 0 und d | ||
| 040 | _cAL | ||
| 041 | _aEnglish | ||
| 082 |
_a361.1 _bHARH |
||
| 100 |
_aJohn F Harvey _9112399 |
||
| 245 |
_aHomosexual person _b: new thinking in pastoral care |
||
| 260 |
_aSan Francisco _bIgnatures Press _c1987 |
||
| 300 |
_a255 _bHB |
||
| 365 | _cINR | ||
| 650 |
_aSocial Problems _9112400 |
||
| 650 |
_aSocial Problems & Services _9112401 |
||
| 906 | _acare ; Homosexual ; new ; pastoral ; person: ; thinking | ||
| 942 |
_2ddc _cBK |
||
| 999 |
_c172799 _d172799 |
||